¿Quién responde? : 8 ensayos accidentales sobre la responsabilidad civil en el derecho paraguayo /
Guardado en:
| Autor Principal: | |
|---|---|
| Formato: | Libro |
| Idioma: | Spanish |
| Publicado: |
Asunción :
La Ley Paraguay,
2009.
|
| Materias: | |
| Etiquetas: |
Agregar Etiqueta
Sin Etiquetas, Sea el primero en etiquetar este registro!
|
| LEADER | 00682nam a22001935a 4500 | ||
|---|---|---|---|
| 001 | DER.der014570 | ||
| 005 | 20200214120718.0 | ||
| 008 | 200214s2009####py############000#0#spa#d | ||
| 020 | |a 9789995364106 | ||
| 082 | 0 | 4 | |a 346.022 |
| 100 | 1 | |a Moreno Rodriguez Alcalá, Roberto. | |
| 245 | 1 | 0 | |a ¿Quién responde? : |b 8 ensayos accidentales sobre la responsabilidad civil en el derecho paraguayo / |c Roberto Moreno Rodriguez Alcala. |
| 260 | |a Asunción : |b La Ley Paraguay, |c 2009. | ||
| 300 | |a 357 p. | ||
| 650 | 7 | |a responsabilidad civil |2 SAIJ | |
| 650 | 7 | |a daños y perjuicios |2 SAIJ | |
| 650 | 7 | |a Derecho comparado |2 SAIJ | |
| 651 | 7 | |a Paraguay | |
| 859 | |a DERECHO |b BIB. DERECHO |h 346.022 |i MOR |k 01 |p 009860 | ||
